000 00579 a2200205 4500
005 20240418171305.0
010 _aB-758650
020 _a9780195645979
_c0.00
035 _aB-758650
037 _bGift/Unesco
082 _a323.0954
245 _aHuman Rights in India/
_cEdited by- C.J. Nirmal
260 _aNew Delhi
_bOxford
_c1999
270 _aNew Delhi
300 _axxvii,333p.;
_c22cm. (HB)
500 _aIndex
700 _a C.J. Nirmal
_964776
942 _adpl
_cEN
_2ddc
_h323.0954
_mHUM
999 _c202279
_d202279